000 00354nam a22001337a 4500
020 _a8176290742
082 _a320.550917645 PAT V3
100 _aPattanaik, D.D.
245 _aHindu Nationalism in India: V3: Ideological Corollaries
260 _aNew Delhi
_bDeep & Deep Publications
_c1998
300 _a174
650 _aNationalism-Hindu
942 _cBK
999 _c21185
_d21185